| 000 | 00830nam a2200229 4500 | ||
|---|---|---|---|
| 008 | 171204b xxu||||| |||| 00| 0 eng d | ||
| 020 | _a0323014062 | ||
| 082 |
_22002 _aDC 610.73 _bP43c |
||
| 100 |
_923977 _aPerry, Anne Griffin, author. |
||
| 245 |
_aClinical nursing skills & techniques / _cAnne Griffin Perry, Patricia A. Potter. |
||
| 250 | _aFifth edition. | ||
| 260 |
_aSt. Louis : _bMosby, _c©2002. |
||
| 300 |
_axxvi, 1,311 pages : _billustration ; _c28 cm. |
||
| 500 | _aIncludes bibliographical references and index. | ||
| 650 | 0 |
_923978 _aNursing _v Handbooks, manuals, etc |
|
| 650 | 0 |
_923979 _aClinical medicine _vHandbooks, manuals, etc |
|
| 650 | 0 |
_923980 _aNursing Care |
|
| 650 | 0 |
_923981 _a Clinical Medicine |
|
| 700 |
_923982 _aPotter, Patricia Ann, author. |
||
| 365 |
_b6,116 _cPhp |
||
| 942 |
_2ddc _cDC |
||
| 999 |
_c7871 _d7871 |
||